Evaluación social: la fase ausente de agenda pública

Uloženo v:
Podrobná bibliografie
Hlavní autor: Mendicoa, Gloria Edel (autora)
Médium: Kniha
Jazyk:španělština
Vydáno: Buenos Aires Espacio 2006
Vydání:1a. ed
Edice:Colección Ciencias Sociales. Novedades
Témata:
Tagy: Přidat tag
Žádné tagy, Buďte první, kdo vytvoří štítek k tomuto záznamu!

MARC

LEADER 00000cam a2200000 a 4500
001 UCE4435
003 CL-VaPUC
008 141023e20060000ag |||||||||||||||||spa|d
020 |a 9508022515 
082 0 4 |a 361.25  |b MEN  |2 21 
100 |a Mendicoa, Gloria Edel  |e autora  |9 576993 
245 1 0 |a Evaluación social: la fase ausente de agenda pública 
250 |a 1a. ed 
300 |a 148 p 
942 |c BK 
945 |d 20141023 15:21:00  |a arojas 
260 |a Buenos Aires  |b Espacio  |c 2006 
650 0 |a Trabajo social   |9 307856 
650 7 |a EVALUACION SOCIAL  |2 CL-VaPUC  |9 375781 
650 0 |a Políticas públicas  |9 309677 
583 |a last modification  |c 20141023 15:21:00  |k Rodrigo Vera 
490 0 |a Colección Ciencias Sociales. Novedades 
999 |c 357396  |d 357394 
952 |0 0  |1 0  |3 erb  |4 0  |6 361_250000000000000_MEN_2006  |7 0  |8 A  |9 465319  |a BIBEDU  |b BIBEDU  |i 5120225  |o 361.25 MEN 2006  |p 5120225  |r 2019-11-23  |w 2019-11-23  |y BK  |z Catalogado en:20141023  |k PSI